| 000 | 01421nam a2200373 a 4500 | ||
|---|---|---|---|
| 001 | 000112006 | ||
| 003 | CHAP | ||
| 005 | 20220329144241.0 | ||
| 008 | 151116s2015 mx a fsm |||||||spa d | ||
| 010 | _a108467 | ||
| 011 | _a109439 | ||
| 040 | _cCHAP | ||
| 090 | _aTesis | ||
| 100 | 1 |
_aBarradas Cessa, José Luis _9130057 |
|
| 245 | 1 | 0 |
_aEducación, gestión y autoempleo como motor de desarrollo integral sustentable en jóvenes de comunidades marginadas de la regiónn de Comapa, Veracruz _h[En línea] _cpor José Luis Barradas Cessa. |
| 260 |
_aChapingo, Méx. : _bEl autor, _c2015. |
||
| 500 | _aPara ver el contenido del material haga clic en la liga | ||
| 502 | _aTesis (M. en Gestión del Desarrollo Rural) -- UACH. Dirección de Centros Regionales Universitarios | ||
| 590 |
_aBATCH _b00 _c20181121 _lUCH01 _h0758 |
||
| 590 |
_aE5995AHE _b05 _c20151116 _lUCH01 _h1334 |
||
| 590 |
_aE5995AHE _b05 _c20151116 _lUCH01 _h1334 |
||
| 590 |
_aE5995AHE _b05 _c20151117 _lUCH01 _h0754 |
||
| 590 |
_aE5995AHE _b05 _c20151117 _lUCH01 _h0806 |
||
| 650 | 1 | 4 |
_aDesarrollo de la comunidad rural. _931995 |
| 650 | 1 | 4 |
_aDesarrollo sustentable _xVeracruz. _932093 |
| 650 | 1 | 4 |
_aEducación. _935409 |
| 650 | 1 | 4 |
_aEmpleo _xVeracruz. _936583 |
| 650 | 1 | 4 |
_aJuventud. _962551 |
| 856 |
_a1 _n0000738 |
||
| 856 |
_aFinding aid _uhttp://10.13.5.2/tesis/sist112006.pdf _zTeclea aquí |
||
| 901 | _aBK | ||
| 942 | _cTESIS | ||
| 942 | _n0 | ||
| 999 |
_c108467 _d108467 |
||